Variation, heritability and genetic correlation of growth and wood traits in para rubber tree (Hevea brasiliensis) and implications for breeding (Record no. 49252)

MARC details
000 -LEADER
fixed length control field 00574nam a2200145Ia 4500
100 ## - MAIN ENTRY--AUTHOR NAME
Personal name Narayanan C
245 #0 - TITLE STATEMENT
Title Variation, heritability and genetic correlation of growth and wood traits in para rubber tree (Hevea brasiliensis) and implications for breeding
260 ## - PUBLICATION, DISTRIBUTION, ETC. (IMPRINT)
Name of publisher International Rubber Conference, 4-6 September 2018, THe Plastics and Rubber Institute, Kuala Lumpur, Malaysia.
650 ## - SUBJECT ADDED ENTRY--TOPICAL TERM
Topical Term Genetic improvement
650 ## - SUBJECT ADDED ENTRY--TOPICAL TERM
Topical Term Paper and timber traits
650 ## - SUBJECT ADDED ENTRY--TOPICAL TERM
Topical Term Rubber tree
700 ## - ADDED ENTRY--PERSONAL NAME
Personal name Mydin K.K
942 ## - ADDED ENTRY ELEMENTS (KOHA)
Koha item type Bibliography STAF
Holdings
Withdrawn status Lost status Damaged status Not for loan Home library Current library Shelving location Date acquired Koha item type
      Bibliography RRII Library RRII Library Botany 01/01/2019 Bibliography STAF